Advanced engineering mathematics with matlab

Tallennettuna:
Bibliografiset tiedot
Päätekijä: Dean G. Duffy
Aineistotyyppi: Kirja
Kieli:Undetermined
Julkaistu: Boca Raton, FL Chapman & Hall/CRC 2000
Aiheet:
Tagit: Lisää tagi
Ei tageja, Lisää ensimmäinen tagi!
Thư viện lưu trữ: Trung tâm Học liệu Trường Đại học Cần Thơ
LEADER 00600nam a2200205Ia 4500
001 CTU_65715
008 210402s9999 xx 000 0 und d
020 |b 840000 
082 |a 620.00151 
082 |b D858 
100 |a Dean G. Duffy 
245 0 |a Advanced engineering mathematics with matlab 
245 0 |c Dean G. Duffy 
260 |a Boca Raton, FL 
260 |b Chapman & Hall/CRC 
260 |c 2000 
650 |a matlab ( computer file ),engineering mathematics,numerical analysis 
650 |x data processing 
904 |i Minh 
980 |a Trung tâm Học liệu Trường Đại học Cần Thơ